| 000 | 03669cam a22012854i 4500 | ||
|---|---|---|---|
| 003 | PE-LiUPU | ||
| 005 | 20250813185458.0 | ||
| 008 | 150511s1998 sp a rb 000 0 spa d | ||
| 020 | _a8433108514 | ||
| 035 | _a(Sirsi) i9788433108517 | ||
| 040 |
_aPE-LiUPU _bspa _cPE-LiUPU _erda |
||
| 049 | _aPRUA | ||
| 082 | 0 | 4 |
_a372.6 _bM95 _220 |
| 100 | 1 |
_aMur Lope, Olga, _eautor. |
|
| 245 | 1 | 0 |
_aCómo introducir el inglés en educación infantil / _cOlga Mur Lope. |
| 264 | 1 |
_aMadrid : _bEditorial Escuela Española, _c1998. |
|
| 300 |
_a187 páginas : _bilustraciones ; _c24 centímetros. |
||
| 336 |
_atext _2rdacontent |
||
| 337 |
_aunmediated _2rdamedia |
||
| 338 |
_avolume _2rdacarrier |
||
| 490 | 0 | _aDidáctica escolar | |
| 504 | _aBibliografía : página 183. | ||
| 505 | 0 | _aBases para la introducción del inglés en educación infantil -- Modelo desarrollado de unidad didáctica: the animals -- Modelo desarrollado de unidad didáctica: the body -- Modelo desarrollado de unidad didáctica: the food. | |
| 526 | _aP202 | ||
| 526 | _aP201 | ||
| 526 | _aP163 | ||
| 526 | _aP162 | ||
| 526 | _aP161 | ||
| 526 | _aP160 | ||
| 526 | _aP148 | ||
| 526 | _aP147 | ||
| 526 | _aP146 | ||
| 526 | _aP145 | ||
| 526 | _aP144 | ||
| 526 | _aP143 | ||
| 526 | _aP142 | ||
| 526 | _aP141 | ||
| 526 | _aP140 | ||
| 526 | _aP139 | ||
| 526 | _aP138 | ||
| 526 | _aP137 | ||
| 526 | _aP136 | ||
| 526 | _aP135 | ||
| 526 | _aP134 | ||
| 526 | _aP133 | ||
| 526 | _aP129 | ||
| 526 | _aP128 | ||
| 526 | _aP127 | ||
| 526 | _aP120 | ||
| 526 | _aP119 | ||
| 526 | _aP118 | ||
| 526 | _aP116 | ||
| 526 | _aP115 | ||
| 526 | _aP114 | ||
| 526 | _aP110 | ||
| 526 | _aP109 | ||
| 526 | _aP108 | ||
| 526 | _aP104 | ||
| 526 | _aP103 | ||
| 526 | _aP102 | ||
| 526 | _aP99 | ||
| 526 | _aP98 | ||
| 526 | _aP97 | ||
| 526 | _aP96 | ||
| 526 | _aP95 | ||
| 526 | _aP93 | ||
| 526 | _aP90 | ||
| 526 | _aP89 | ||
| 526 | _aP88 | ||
| 526 | _aP83 | ||
| 526 | _aP82 | ||
| 526 | _aP62 | ||
| 526 | _aP59 | ||
| 526 | _aP58 | ||
| 526 | _aP57 | ||
| 526 | _aP51 | ||
| 526 | _aP49 | ||
| 526 | _aP48 | ||
| 526 | _aP47 | ||
| 526 | _aP29 | ||
| 526 | _aP24 | ||
| 526 | _aP20 | ||
| 526 | _aP19 | ||
| 526 | _aP17 | ||
| 526 | _aP15 | ||
| 526 | _aP14 | ||
| 526 | _aP12 | ||
| 526 | _aP10 | ||
| 526 | _aP09 | ||
| 526 | _aP08 | ||
| 526 | _aP07 | ||
| 526 | _aP06 | ||
| 526 | _aP05 | ||
| 526 | _aP04 | ||
| 526 | _aP01 | ||
| 541 | _g001-002618; | ||
| 541 | _g001-003031; | ||
| 650 | 4 |
_aEducación de niños. _91818 |
|
| 650 | 4 |
_aInglés _xEnseñanza primaria. |
|
| 650 | 4 | _aMétodos de enseñanza. | |
| 650 | 4 | _aModelos de enseñanza. | |
| 910 |
_ajck _bjvq _cjck _d20150511 |
||
| 942 |
_2ddc _cBOOK |
||
| 949 |
_a372.6 M95 _wDEWEY _c1 _i71032 _d2015-8-20 _e2015-8-18 _lCCODEBUL1 _mBUL _n2 _p23.81 _r0 _sY _tBOOK _u2015-5-11 _xEDUCACION _PP20 _0COMPRA _o.STAFF. Colección General |
||
| 949 |
_a372.6 M95 _wDEWEY _c2 _i72186 _d2016-4-21 _e2016-4-19 _lCCODEBUL1 _mBUL _n1 _p22.06 _r0 _sY _tBOOK _u2015-11-26 _xEDUCACION _PP14 _0COMPRA _o.STAFF. Colección General |
||
| 994 |
_aC0 _bPEPRU |
||
| 596 | _a1 | ||
| 999 |
_a372.6 M95 _wDEWEY _c36308 _i71032 _d36308 _e2020-2-4 _f2021-11-8 _g5 _lCCODEBUL1 _mBUL _n3 _p23.81 _q1 _r0 _sY _tBOOK _u2015-5-11 _xEDUCACION _PP20 _0COMPRA _o.STAFF. Colección General |
||
| 999 |
_a372.6 M95 _wDEWEY _c2 _i72186 _d2018-11-27 _e2016-4-19 _f2021-11-8 _g5 _lCCODEBUL1 _mBUL _n1 _p22.06 _q2 _r0 _sY _tBOOK _u2015-11-26 _xEDUCACION _PP14 _0COMPRA _o.STAFF. Colección General |
||
| 980 |
_81 _gALBERTO SANCHEZ Responsable de Automatización |
||